000 00872nam a2200301 a 4500
001 30302
003 AR-BaAGN
005 20231116150737.0
007 ta
008 220625s1998 ag |||||r|||| ||||||spa d
020 _a987-9336-07-0
040 _dAR-BaAGN
_aAR-BaAGN
_bspa
_eaacr
245 0 0 _aArturo Frondizi, el diputado del desarrollo
250 _a1ª ed.
260 _aBuenos Aires :
_bCírculo de Legisladores de la Nación Argentina,
_c1998.
300 _a95 páginas
336 _2rdacontent
_btxt
337 _2rdamedia
_bn
338 _2rdacarrier
_bnc
490 0 _aVidas, ideas y obras de los legisladores argentinos ;
_v18
600 1 4 _aFrondizi, Arturo,
_d1908-1995
_94504
650 4 _aBIOGRAFÍA
_91475
650 4 _aPROYECTOS DE LEY
_91940
650 4 _aDISCURSOS
_91653
700 1 _aMenotti, Emilia
_eaui
942 _cLIBRO
999 _c30302
_d30302